000 00310nam a22001337a 4500
020 _a9788126515424
040 _cNUST
082 _a629.8045 JOJ
100 _aJoji P
_977865
245 _aPneumatic Controls
260 _aNEW DELHI:
_bWILEY,
_c2013.
650 _aPneumatic controls
_977866
942 _2ddc
_cBK
999 _c589947
_d589947